El Otro financista
Uloženo v:
| Hlavní autor: | |
|---|---|
| Médium: | Text |
| Vydáno: |
Heredia:
UNA. FFL. Departamento de Filosofía
|
| Tagy: |
Přidat tag
Žádné tagy, Buďte první, kdo vytvoří štítek k tomuto záznamu!
|
MARC
| LEADER | 00000 a a2200000 04500 | ||
|---|---|---|---|
| 001 | 16543 | ||
| 003 | |||
| 040 | |a CRAI/IIS |c CRAI/IIS | ||
| 090 | |a 012100 | ||
| 100 | |a Saxe Fernández, Eduardo E. | ||
| 245 | |a El Otro financista | ||
| 260 | |a Heredia: |b UNA. FFL. Departamento de Filosofía | ||
| 300 | |a 17 p. | ||
| 999 | |c 16820 |d 16820 | ||
